| 000 | 00426nam a2200145 a 4500 | ||
|---|---|---|---|
| 082 |
_a954 _bDUE |
||
| 100 | 1 |
_aDuff, James Grant, _949787 |
|
| 245 | 1 | 0 |
_aHistory of the Mahrattas / _cby James Grant Duff. |
| 250 | _a4th ed. | ||
| 260 |
_aBombay, India : _bTimes of India Office, _c1878. |
||
| 300 |
_a2 v. ; _c23 cm. |
||
| 526 |
_a0 _b0 _c0 _d954_000000000000000_DUE |
||
| 650 | 0 |
_aMaratha (Indic people) _949788 |
|
| 942 |
_2ddc _cBK |
||
| 999 |
_c552555 _d552555 |
||